La Constitucin̤ en tiempos de pandemia

Bibliographic Details
Main Author: Moreno Gonzl̀ez, Gabriel
Other Authors: Dueąs Castrillo, Andrš Ivǹ, Guerrero Vz̀quez, Pablo, Fernǹdez Caųeto, Daniel
Format: eBook
Language:Spanish
Published: Madrid: Dykinson, 2021
Subjects:
Online Access:Acceso restringido

MARC

LEADER 00000nam a22000007a 4500
005 20210908122923.0
007 cr|||| ||||
008 210908s2021 es |||||s|||| 00||0 spa d
020 |a 978-84-1377-612-5 
035 |a 35135 
040 |a vLex 
090 |c 12328  |d 12328 
100 1 |a Moreno Gonzl̀ez, Gabriel 
245 1 2 |a La Constitucin̤ en tiempos de pandemia  |h [Recurso electrn̤ico] /  |c Gabriel Moreno Gonzl̀ez, Andrš Ivǹ Dueąs Castrillo, Pablo Guerrero Vz̀quez, Daniel Fernǹdez Caųeto 
256 |a Servicio en ln̕ea 
260 |a Madrid:  |b Dykinson,  |c 2021 
300 |a 1 recurso electrn̤ico 
506 1 |a Disponible solo en los productos indicados  |d vLex Global  |d vLex Global (Academic Edition, excluding Law Schools)  |d vLex Global (U.S. Academic Edition, Law Schools)  |d vLex Global (U.S. Academic Edition, excluding Law Schools)  |d vLex Global (Academic Edition, Law Schools) 
650 0 4 |a Derecho Constitucional  |z Espaą 
700 1 |a Dueąs Castrillo, Andrš Ivǹ 
700 1 |a Guerrero Vz̀quez, Pablo 
700 1 |a Fernǹdez Caųeto, Daniel 
740 0 |a vLex Libros (Servicio en ln̕ea) 
856 4 0 |u https://app.vlex.com/#/sources/35135  |z Acceso restringido 
942 |c BOOK 
999 0 |a Constitutional right